[Event "Veletrzni turnaj 2018"]
[Site "Střední škola informatiky, "]
[Date "2018.08.29"]
[Round "5.19"]
[White "Haupt, Jaromir"]
[Black "Mouryc, Tomas"]
[Result "1-0"]
[WhiteElo "1795"]
[BlackElo "1995"]
[PlyCount "57"]
[EventDate "2018.08.26"]

1. c4 d6 2. Nc3 e5 3. g3 f5 4. d3 Nf6 5. Bg2 Be7 6. Nf3 O-O 7. O-O Qe8 8. b4
Qh5 9. Nd5 Bd8 10. Nxf6+ Bxf6 11. e4 a5 12. c5 axb4 13. cxd6 cxd6 14. Qb3+ Kh8
15. Qxb4 Nc6 16. Qc4 Be7 17. Bb2 fxe4 18. Qxe4 Be6 19. Qe3 Bg4 20. Nd2 Bg5 21.
f4 exf4 22. gxf4 Rae8 23. fxg5 Rxf1+ 24. Rxf1 Be2 25. Bxc6 bxc6 26. Rf4 Qxg5+
27. Qg3 Qc5+ 28. Kh1 Rg8 29. Qxg7+ 1-0

[Event "Veletrzni turnaj 2018"]
[Site "Střední škola informatiky, "]
[Date "2018.08.29"]
[Round "5.20"]
[White "Neduchal, Jiri"]
[Black "Veznik, Michael"]
[Result "1/2-1/2"]
[WhiteElo "1770"]
[BlackElo "1857"]
[PlyCount "81"]
[EventDate "2018.08.26"]

1. e4 d6 2. d4 g6 3. Nf3 Bg7 4. Bd3 Bg4 5. c3 Nd7 6. Nbd2 e5 7. h3 Bxf3 8. Nxf3
Ne7 9. dxe5 dxe5 10. Be3 O-O 11. O-O c6 12. Qe2 Qc7 13. Rfd1 b6 14. Bc4 h6 15.
Bb3 Rad8 16. Rd2 Nf6 17. Bc2 Rxd2 18. Bxd2 c5 19. Rd1 Rd8 20. a4 Nc6 21. Be3
Rd7 22. Rxd7 Qxd7 23. Qd2 Qxd2 24. Nxd2 Bf8 25. f3 Ne8 26. Bb3 Kg7 27. Bd5 Ne7
28. Kf1 f5 29. Ke2 f4 30. Bf2 Nc8 31. Nc4 Kf6 32. g3 g5 33. gxf4 exf4 34. Bc6
Ke7 35. Bxe8 Kxe8 36. Be1 Kd7 37. Kd3 Ke6 38. b4 a6 39. Nb2 b5 40. axb5 axb5
41. bxc5 1/2-1/2

[Event "Veletrzni turnaj 2018"]
[Site "Střední škola informatiky, "]
[Date "2018.08.29"]
[Round "5.21"]
[White "Zabloudil, Radek"]
[Black "Vavrinkova, Anna"]
[Result "1-0"]
[WhiteElo "1747"]
[BlackElo "1456"]
[PlyCount "55"]
[EventDate "2018.08.26"]

1. e4 e5 2. Nc3 Nf6 3. g3 Bc5 4. Bg2 d6 5. Na4 Bb6 6. Nxb6 axb6 7. Ne2 O-O 8.
d3 Be6 9. f4 exf4 10. Bxf4 Nc6 11. O-O Ne5 12. Bg5 Ned7 13. Nd4 Bg4 14. Qd2 h6
15. Be3 Re8 16. h3 Bh5 17. g4 Bg6 18. g5 hxg5 19. Bxg5 c6 20. Qf4 Qc7 21. Nf5
Bxf5 22. Qxf5 Re5 23. Qf4 Rf8 24. Qg3 Kh8 25. Rf4 Nh7 26. Rh4 Nc5 27. d4 Nxe4
28. Bxe4 1-0

[Event "Veletrzni turnaj 2018"]
[Site "Střední škola informatiky, "]
[Date "2018.08.29"]
[Round "5.22"]
[White "Ulcak, Michael"]
[Black "Vanicek, Jan"]
[Result "1/2-1/2"]
[WhiteElo "1404"]
[BlackElo "1721"]
[PlyCount "65"]
[EventDate "2018.08.26"]

1. e4 c5 2. c3 Nc6 3. d4 e6 4. Nf3 cxd4 5. cxd4 d5 6. e5 Bb4+ 7. Bd2 Qb6 8.
Bxb4 Qxb4+ 9. Qd2 Nge7 10. a3 Qb6 11. Nc3 Bd7 12. Na4 Qd8 13. Nc5 Qb6 14. Bd3
Nxd4 15. Nxd7 Nxf3+ 16. gxf3 Kxd7 17. f4 g6 18. h4 h5 19. Rc1 Rac8 20. O-O Nc6
21. Rfd1 Qd8 22. Bc4 Kc7 23. Bb5 Kb8 24. Bxc6 Rxc6 25. Rxc6 bxc6 26. Qb4+ Qb6
27. Qd6+ Qc7 28. Qb4+ Ka8 29. Rc1 Rb8 30. Qc3 Rb6 31. b4 a6 32. a4 Rb7 33. Qc5
{necitelne} 1/2-1/2

[Event "Veletrzni turnaj 2018"]
[Site "Střední škola informatiky, "]
[Date "2018.08.29"]
[Round "5.23"]
[White "Nekvasil, Radek"]
[Black "Nezval, Filip"]
[Result "0-1"]
[WhiteElo "1720"]
[BlackElo "1659"]
[PlyCount "78"]
[EventDate "2018.08.26"]

1. b4 e6 2. Bb2 Nf6 3. a3 d5 4. e3 c5 5. bxc5 Bxc5 6. Nf3 Nc6 7. d4 Bd6 8. c4
O-O 9. Nbd2 Re8 10. cxd5 exd5 11. Bd3 Bg4 12. O-O Qc7 13. h3 Bh5 14. Qc2 Rac8
15. Bf5 Bg6 16. Nh4 Bxf5 17. Nxf5 Bf8 18. Rac1 Qd7 19. Qd3 Ne4 20. Ng3 Nxg3 21.
fxg3 Bd6 22. e4 dxe4 23. Nxe4 Qe6 24. Nxd6 Qxd6 25. Qc4 Qd7 26. d5 Ne5 27. Qd4
Rxc1 28. Rxc1 f6 29. d6 Rd8 30. Qd5+ Qf7 31. Qd2 Nc6 32. a4 Qe6 33. Ba3 Qb3 34.
Rc3 Qxa4 35. Qd5+ Kh8 36. Qf7 Qd4+ 37. Kh2 Qxc3 38. d7 Qe5 39. Bd6 Qxd6 0-1

[Event "Veletrzni turnaj 2018"]
[Site "Střední škola informatiky, "]
[Date "2018.08.29"]
[Round "5.24"]
[White "Zikan, Karel"]
[Black "Habinova, Alice"]
[Result "1/2-1/2"]
[WhiteElo "1712"]
[BlackElo "1396"]
[PlyCount "66"]
[EventDate "2018.08.26"]

1. Nf3 d5 2. d4 Nf6 3. c4 dxc4 4. e3 e6 5. Bxc4 c5 6. O-O Nc6 7. Qe2 cxd4 8.
Rd1 Be7 9. exd4 O-O 10. Nc3 a6 11. d5 exd5 12. Nxd5 Bd7 13. Bg5 Re8 14. Nxf6+
Bxf6 15. Bxf6 Qxf6 16. Qc2 Bg4 17. Be2 Qe7 18. Rd2 Rac8 19. Qd1 Nb4 20. h3 Bh5
21. a3 Rc2 22. g4 Rxd2 23. Qxd2 Qxe2 24. Re1 Qb5 25. Rxe8+ Qxe8 26. Qxb4 Bg6
27. Qc3 h6 28. Qe5 Qc6 29. Qe3 Qb5 30. b4 Qd5 31. Nd2 Bd3 32. f3 Bb5 33. Kf2
Kf8 1/2-1/2

[Event "Veletrzni turnaj 2018"]
[Site "Střední škola informatiky, "]
[Date "2018.08.29"]
[Round "5.26"]
[White "Vaculik, Martin"]
[Black "Doskar, Miloslav"]
[Result "1/2-1/2"]
[WhiteElo "1410"]
[BlackElo "1632"]
[PlyCount "39"]
[EventDate "2018.08.26"]

1. d4 d6 2. c4 g6 3. Nc3 Bg7 4. e4 Nf6 5. Be2 O-O 6. Bg5 Nbd7 7. Qd2 c5 8. d5
Ne5 9. f4 Ned7 10. Nf3 Ne8 11. f5 Ne5 12. Nxe5 Bxe5 13. Bh6 Bg7 14. Bxg7 Kxg7
15. g4 e6 16. O-O-O exf5 17. gxf5 Nf6 18. h4 Qe7 19. Rdf1 Re8 20. Bd3 1/2-1/2

[Event "Veletrzni turnaj 2018"]
[Site "Střední škola informatiky, "]
[Date "2018.08.29"]
[Round "5.27"]
[White "Kacalek, Tomas"]
[Black "Prokop, Martin"]
[Result "0-1"]
[WhiteElo "1538"]
[BlackElo "1416"]
[PlyCount "80"]
[EventDate "2018.08.26"]

1. d4 d5 2. c4 c6 3. Nf3 Nf6 4. Nc3 e6 5. Bg5 Nbd7 6. e3 Be7 7. a3 O-O 8. h3 h6
9. Bh4 dxc4 10. Bxc4 b5 11. Bd3 Bb7 12. Qe2 a6 13. O-O c5 14. Rfd1 c4 15. Bc2
Rc8 16. Bg3 Nb6 17. e4 Re8 18. Rd2 Ra8 19. Rad1 Qc8 20. Bh2 Ra7 21. Bg3 Nh5 22.
Bh4 Bxh4 23. Nxh4 Nf6 24. f4 Qd8 25. Nf3 Ba8 26. Ne5 g6 27. g4 Nfd7 28. Nf3 Nf8
29. Qe1 Rd7 30. Qg3 Nh7 31. h4 f6 32. Kh2 Qc7 33. Rg1 Ree7 34. Rdg2 Rg7 35. Kh3
Bc6 36. Rf2 a5 37. e5 f5 38. Rd2 Nd5 39. Ra1 Ne3 40. Bd1 fxg4+ 0-1

[Event "Veletrzni turnaj 2018"]
[Site "Střední škola informatiky, "]
[Date "2018.08.29"]
[Round "5.28"]
[White "Hrdlicka, Vladan"]
[Black "Rychtecky, Pavel"]
[Result "1/2-1/2"]
[WhiteElo "1827"]
[BlackElo "1522"]
[PlyCount "73"]
[EventDate "2018.08.26"]

1. e4 e5 2. Nf3 Nc6 3. Bc4 Bc5 4. b4 Bxb4 5. c3 Be7 6. d4 d6 7. O-O Nf6 8. Nbd2
O-O 9. Rb1 exd4 10. e5 dxe5 11. cxd4 exd4 12. Re1 a6 13. Nf1 Bf5 14. Rb2 b5 15.
Bb3 h6 16. a4 Qd7 17. Bd2 Ne4 18. Bc1 Nc3 19. Qd2 Ba3 20. Ng3 Bh7 21. Nh5 Qd6
22. axb5 axb5 23. g4 Bxb2 24. Qxb2 Nb4 25. Ne5 c5 26. Bf4 Rae8 27. Qd2 c4 28.
Nxc4 Rxe1+ 29. Qxe1 Qg6 30. Nd6 Qxg4+ 31. Bg3 Qxh5 32. Bxf7+ Qxf7 33. Nxf7 Kxf7
34. Qe5 Re8 35. Qc7+ Re7 36. Qf4+ Kg8 37. Qb8+ 1/2-1/2

[Event "Veletrzni turnaj 2018"]
[Site "Střední škola informatiky, "]
[Date "2018.08.29"]
[Round "5.29"]
[White "Jurak, Stanislav"]
[Black "Vavrinkova, Marie"]
[Result "1-0"]
[WhiteElo "1778"]
[BlackElo "1228"]
[PlyCount "69"]
[EventDate "2018.08.26"]

1. d4 d5 2. c4 c6 3. e3 e6 4. Nc3 Nf6 5. Nf3 Bb4 6. Bd2 Nbd7 7. Bd3 O-O 8. O-O
c5 9. cxd5 exd5 10. dxc5 Nxc5 11. Be2 Ne6 12. Qb3 Ba5 13. Rad1 d4 14. exd4 Nxd4
15. Nxd4 Qxd4 16. Bf3 Qb4 17. Qc2 Be6 18. Ne4 Qc4 19. Nxf6+ gxf6 20. Qxc4 Bxc4
21. Bxa5 Bxf1 22. Kxf1 Rab8 23. Bc3 Kg7 24. Rd6 Kg8 25. Bxf6 b6 26. Bc3 Rfe8
27. Rd7 a5 28. g3 Re6 29. Bd5 Rh6 30. Rxf7 Rxh2 31. Rb7+ Kf8 32. Rxb8+ Ke7 33.
Rxb6 Rh5 34. Bf3 Rf5 35. Kg2 1-0

[Event "Veletrzni turnaj 2018"]
[Site "Střední škola informatiky, "]
[Date "2018.08.29"]
[Round "5.31"]
[White "Feldvabl, Vilem"]
[Black "Ivanov, Mikhail"]
[Result "1-0"]
[WhiteElo "1661"]
[BlackElo "1481"]
[PlyCount "107"]
[EventDate "2018.08.26"]

1. d4 Nf6 2. Nf3 c5 3. d5 d6 4. c4 b5 5. b3 g6 6. Bb2 Bg7 7. Nbd2 O-O 8. e3 Qb6
9. Rb1 Bf5 10. Bxf6 Bxf6 11. e4 Bg4 12. cxb5 a6 13. a4 axb5 14. Bxb5 Bd7 15.
Bxd7 Nxd7 16. O-O Rfb8 17. Nc4 Qb4 18. Qc2 Nb6 19. Nfd2 Qc3 20. Qxc3 Bxc3 21.
Nxb6 Rxb6 22. Nc4 Rb4 23. Rfc1 Bg7 24. f4 Rab8 25. e5 dxe5 26. fxe5 f6 27. Na5
Bh6 28. Rd1 Be3+ 29. Kh1 R8b6 30. Nc4 Bd4 31. Nxb6 Rxb6 32. exf6 exf6 33. b4
Ra6 34. b5 Rxa4 35. b6 Ra8 36. b7 Rb8 37. Rd2 Kf7 38. Ra2 Be5 39. Ra8 Ke7 40.
Kg1 Kd7 41. h3 Kc7 42. Rxb8 Kxb8 43. Kf1 c4 44. Ke2 c3 45. Kd3 h5 46. d6 Bxd6
47. Kxc3 g5 48. Kd3 g4 49. hxg4 hxg4 50. Ke4 g3 51. Kf5 Be5 52. Rb6 Ka7 53.
Rxf6 Bxf6 54. Kxf6 1-0

[Event "Veletrzni turnaj 2018"]
[Site "Střední škola informatiky, "]
[Date "2018.08.29"]
[Round "5.32"]
[White "Koci, Milos"]
[Black "Bata, Jiri"]
[Result "0-1"]
[WhiteElo "1395"]
[BlackElo "1620"]
[PlyCount "132"]
[EventDate "2018.08.26"]

1. d4 e6 2. Bf4 d5 3. Nf3 Nf6 4. e3 Bd6 5. Be2 Bxf4 6. exf4 Qd6 7. Qd2 Ne4 8.
Qc1 Nd7 9. c3 Ndf6 10. g3 Ng4 11. O-O Ngxf2 12. Rxf2 Nxf2 13. Kxf2 Bd7 14. Nbd2
c5 15. Qc2 cxd4 16. Nxd4 O-O 17. N2f3 f6 18. Bd3 h6 19. Kg1 e5 20. Bh7+ Kh8 21.
Nf5 Qc5+ 22. Kg2 e4 23. N3d4 Kxh7 24. Ne3 f5 25. Qb3 Qd6 26. Rb1 Rab8 27. Qd1
a6 28. Qh5 g6 29. Qd1 b5 30. a3 Kg7 31. Qc2 h5 32. h4 Rbc8 33. Qe2 Rfe8 34. Kf2
Kf6 35. Kg2 Be6 36. Qd2 Qb6 37. Nec2 a5 38. Kf2 Rc4 39. Ne3 Rcc8 40. Nxe6 Qxe6
41. Qd4+ Kf7 42. Qa7+ Kg8 43. Qxa5 d4 44. cxd4 Qb3 45. Qb6 Kh7 46. Qb7+ Kh6 47.
Re1 Qxb2+ 48. Re2 Qxd4 49. Qxb5 Ra8 50. Qc6 Rec8 51. Qb7 Qa1 52. Qb6 Kh7 53.
Qb7+ Qg7 54. Qb4 Qa7 55. Ra2 Rd8 56. a4 Rd3 57. Re2 Rb8 58. Qe1 Qxa4 59. Kg2
Qa3 60. Kf1 Qa6 61. Kf2 Rbb3 62. Kg2 Qb6 63. Kf2 Rb1 64. Qxb1 Qxb1 65. Re1 Qb2+
66. Re2 Rd2 0-1

[Event "Veletrzni turnaj 2018"]
[Site "Střední škola informatiky, "]
[Date "2018.08.29"]
[Round "5.33"]
[White "Ivanov, Alexandr"]
[Black "Zejda, Karel"]
[Result "0-1"]
[WhiteElo "1016"]
[BlackElo "1647"]
[PlyCount "69"]
[EventDate "2018.08.26"]

1. e4 d6 2. d4 g6 3. Nf3 Bg7 4. Nc3 Nf6 5. Be2 O-O 6. Bg5 Nbd7 7. Qd2 c6 8. O-O
Qc7 9. Bc4 b5 10. Bb3 b4 11. Bxf6 bxc3 12. Qxc3 Bxf6 13. Rfe1 Bb7 14. e5 dxe5
15. dxe5 Bg7 16. Qb4 c5 17. Qf4 Bxf3 18. gxf3 Bxe5 19. Qh4 Bf6 20. Qg4 Bxb2 21.
Rab1 Bf6 22. Bd5 Rab8 23. Rxb8 Rxb8 24. f4 Rb4 25. c4 Nf8 26. f5 Qd7 27. a3
Qxd5 28. axb4 Qxf5 29. Qxf5 gxf5 30. bxc5 Ne6 31. c6 Nc7 32. Kg2 e6 33. f4 Kf8
34. Rd1 Ke8 35. Rd7 {necitelne} 0-1